| 000 | 00419cam a2200181ua 4500 | ||
|---|---|---|---|
| 020 | _c0.75 | ||
| 041 |
_amal _h |
||
| 082 |
_a894.8121 _bKUR/KA |
||
| 100 | _aKurup, O N V. | ||
| 245 |
_aKadinjool kanikal / _cKurup O N V. _hTextual Documents |
||
| 250 |
_a1 / _b. |
||
| 260 |
_aThrissur : _bCurrent Books , _c1960. |
||
| 300 | _a44 ; . | ||
| 365 | _a0.75 | ||
| 504 | _a | ||
| 942 | _cBK | ||
| 999 |
_c4126 _d4126 |
||